Sports Quiz

Random Sports or MLB Quiz

MLB Athletes on the 2K Covers Quiz Stats

 Plays Quiz not verified by Sporcle

Score 0/8 Timer 02:00
0 Plays Today
Game Player % Correct
2K10Evan Longoria
71.8%
2K7Derek Jeter
71.4%
2K11Roy Halladay
71.4%
2K6Derek Jeter
65.3%
2K9Tim Lincecum
62.6%
2K5Derek Jeter
59.9%
2K8Jose Reyes
59.5%
2K4Jason Giambi
26.3%

You're not logged in!

Compare scores with friends on all Sporcle quizzes.
OR
Log In

You Might Also Like...

Show Comments

Extras

Top Quizzes Today


Score Distribution

Your Account Isn't Verified!

In order to create a playlist on Sporcle, you need to verify the email address you used during registration. Go to your Sporcle Settings to finish the process.

Report this User

Report this user for behavior that violates our Community Guidelines.

Details: